Hambourg - Culture générale - Statistiques

Statistiques générales
  • Ce quiz a été pris 423 fois
  • Le résultat moyen est 8 sur 15
Statistiques - réponses
Information Réponse % Correct
Chancelière allemande en fonction pendant 16 ans originaire de la ville Angela Merkel
97%
Sandwich qui aurait été inventé à Hambourg en 1758 Hamburger
95%
Mer dans laquelle il se jette une centaine de km plus loin Mer du Nord
95%
Boisson alcoolisée dont la "Astra" est la star hambourgeoise Bière
76%
Styliste franco-allemand aux initiales "K.L." décédé en 2019 Karl Lagerfeld
75%
L'opération Gomorrhe fut la plus meurtrière attaque aérienne de cette guerre et se déroula à Hambourg Seconde Guerre Mondiale
66%
Fleuve qui traverse la ville Elbe
55%
Ligue de villes dans laquelle Hambourg avait une place majeure Hanse
45%
Équipe de football qui évolue au Volksparkstadion Hambourg SV
40%
Premier chancelier allemand qui a une immense statue ici Otto von Bismarck
38%
Quartier réputé pour sa vie nocturne et son club de football Sankt Pauli
32%
Capitale de ces villes, quelques kilomètres au nord-est Lübeck
28%
Hambourg est la ville qui compte le plus de ces infrastructures (2500!) Ponts
25%
Compositeur romantique né à Hambourg connu avec ses danses hongroises (1879) Johannes Brahms
22%
Salle de concert symphonique inaugurée en 2017 Philharmonie de l'Elbe
16%
Aucun quiz correspondant
Distribution des résultats
% des personnes avec chaque résultat
Percentile par nombre de réponses
Votre historique - résultats
Vous n’avez pas pris ce quiz